Statystyki dla Państwa prawosławne

Kliknij tutaj aby rozwiązać quiz!

Ogólne statystyki

  • Ten quiz został rozwiązany 15 078 razy
    (4 241 od ostatniego zresetowania)
  • Średni wynik to 15 z 21

Statystyki odpowiedzi

%Kraj% Poprawnych
72Rosja
99%
71Ukraina
97%
73Białoruś
92%
97Serbia
84%
81Rumunia
83%
59Bułgaria
82%
24Kazachstan
82%
90Grecja
81%
93Mołdawia
79%
82Gruzja
78%
18Łotwa
78%
14Estonia
77%
93Armenia
75%
70Macedonia Północna
73%
31Bośnia i Hercegowina
71%
81Czarnogóra
68%
17Kirgistan
53%
89Cypr
51%
15Egipt
26%
54Etiopia
24%
47Erytrea
18%

Rozkład punktacji

Percentyl według liczby udzielonych odpowiedzi

Procent ludzi z każdym wynikiem

Twoja historia wyników

Nie rozwiązałeś tego quizu od ostatniego zresetowania